Indian Economy: (Record no. 204622)

MARC details
000 -LEADER
fixed length control field 00603nam a22001817a 4500
005 - DATE AND TIME OF LATEST TRANSACTION
control field 20240730115804.0
010 ## - LCCN (DPL NO)
LC control number ENG-141089
020 ## - INTERNATIONAL STANDARD BOOK NUMBER
Terms of availability 550.00
International Standard Book Number 9789361593840
035 ## - SYSTEM CONTROL NUMBER
System control number EN-124621
037 ## - SOURCE OF ACQUISITION
Source of stock number/acquisition DBAD
082 ## - DEWEY DECIMAL CLASSIFICATION NUMBER
Classification number 330
100 ## - MAIN ENTRY--PERSONAL NAME
Personal name AGRAWAL,GAURAV
245 ## - TITLE STATEMENT
Title Indian Economy:
Statement of responsibility, etc GAURAV AGRAWAL
Remainder of title for UPSC and state Public Service Examination/
260 ## - PUBLICATION, DISTRIBUTION, ETC. (IMPRINT)
Place of publication, distribution, etc Uttar Pradesh
Name of publisher, distributor, etc Pearson India Education Services Pvt.Ltd
Date of publication, distribution, etc 2024
270 ## - ADDRESS
City Uttar Pradesh
Address Plot No. c-001A/2,Sector 16B,Noida-201301
Postal code 201301
300 ## - PHYSICAL DESCRIPTION
Extent vp(p).
Dimensions 23cm(hb)
942 ## - ADDED ENTRY ELEMENTS (KOHA)
Source of classification or shelving scheme Dewey Decimal Classification
Item type English Books
Classification part 330
Call number suffix AGR
Holdings
Withdrawn status Lost status Not for loan Collection code Home library Current library Date acquired Source of acquisition Cost, normal purchase price Full call number Barcode Copy number Cost, replacement price Koha item type
      Non-fiction Patel Nagar Patel Nagar 30/07/2024 DBAD 550.00 330 AGR EN-124621 1 550.00 English Books

© Delhi Public Library
Hit Counter
free hit counter